000 00331 a2200157 4500
001 176278
020 _a
040 _cMagnum
100 _aDinorah, Maria
240 1 0 _aQue falta que ela nos faz
_lpor
245 1 0 _aQue falta que ela nos faz
362 0 _a1899
440 1 _aLĂȘ
697 _aMAGNITO: IJ/GERAL
942 _cBK
999 _c176278
_d176278